[Event "AUT-ch Seniors 50"]
[Site "Vienna"]
[Date "2023.05.21"]
[Round "7"]
[White "Keintzel, Raimund"]
[Black "Kutschker, Alexander"]
[Result "0-1"]
[WhiteElo "1593"]
[BlackElo "1607"]
[PlyCount "60"]
[EventDate "2023.05.15"]
[EventType "swiss"]
[EventRounds "7"]
[EventCountry "AUT"]
[SourceTitle "CBM 214 Extra"]
[Source "ChessBase"]
[SourceDate "2023.07.31"]
[SourceVersion "1"]
[SourceVersionDate "2023.07.31"]
[SourceQuality "1"]

1. e4 e5 2. Nf3 Nc6 3. Bc4 Nf6 4. 0-0 Bc5 5. Nc3 d6 6. d3 h6 7. h3 0-0 8. Nd5 a6 9. Kh2 Na5 10. Nxf6+ Qxf6 11. Rg1 Bxf2 12. Rf1 Bb6 13. Ng5 Qe7 14. Nxf7 Nxc4 15. Nxh6+ gxh6 16. dxc4 Rxf1 17. Qxf1 Qg7 18. Qd3 Be6 19. Bd2 Rf8 20. b4 Rf2 21. Rg1 Rxd2 22. Qxd2 Bxg1+ 23. Kxg1 Bxc4 24. a3 Be6 25. Qc3 c6 26. Kh2 d5 27. exd5 Bxd5 28. g3 Qf6 29. Qd2 Qf1 30. c4 Qh1# 0-1

[Event "AUT-ch Seniors 50"]
[Site "Vienna"]
[Date "2023.05.19"]
[Round "5"]
[White "Ziegelmeyer, Guenther"]
[Black "Kutschker, Alexander"]
[Result "1-0"]
[WhiteElo "1627"]
[BlackElo "1607"]
[PlyCount "75"]
[EventDate "2023.05.15"]
[EventType "swiss"]
[EventRounds "7"]
[EventCountry "AUT"]
[SourceTitle "CBM 214 Extra"]
[Source "ChessBase"]
[SourceDate "2023.07.31"]
[SourceVersion "1"]
[SourceVersionDate "2023.07.31"]
[SourceQuality "1"]

1. Nf3 Nc6 2. d4 d5 3. c4 e6 4. a3 a5 5. Nc3 h6 6. e3 Nf6 7. Bd3 Be7 8. Bd2 0-0 9. 0-0 Nh7 10. Qc2 Ng5 11. Nxg5 hxg5 12. Rac1 f5 13. f4 gxf4 14. Rxf4 g5 15. Rff1 Rf6 16. cxd5 exd5 17. Bxf5 Rh6 18. Nb5 Bd6 19. Nxd6 Qxd6 20. g3 Bd7 21. Qd3 Kg7 22. Bxd7 Qxd7 23. Qf5 Qe7 24. Qxd5 Rah8 25. Rf2 Rd6 26. Qb3 b6 27. Rcf1 Nd8 28. Qc3 Kh6 29. Rf5 Qg7 30. Qc2 Re8 31. d5 Qe7 32. Qc4 Rg6 33. R1f3 Kh7 34. Qd3 Reg8 35. Bc3 Kh6 36. g4 Kh7 37. Rh3+ Rh6 38. Rf7# 1-0

[Event "AUT-ch Seniors 50"]
[Site "Vienna"]
[Date "2023.05.18"]
[Round "4"]
[White "Kutschker, Alexander"]
[Black "Kassel, Walter"]
[Result "0-1"]
[WhiteElo "1607"]
[BlackElo "1833"]
[PlyCount "79"]
[EventDate "2023.05.15"]
[EventType "swiss"]
[EventRounds "7"]
[EventCountry "AUT"]
[SourceTitle "CBM 214 Extra"]
[Source "ChessBase"]
[SourceDate "2023.07.31"]
[SourceVersion "1"]
[SourceVersionDate "2023.07.31"]
[SourceQuality "1"]

1. c4 e5 2. Nc3 Nf6 3. Nf3 Nc6 4. e4 Bb4 5. d3 h6 6. a3 Bxc3+ 7. bxc3 0-0 8. Be2 d6 9. h3 Be6 10. 0-0 Ne7 11. Nh2 Ng6 12. Be3 c6 13. Qd2 d5 14. exd5 cxd5 15. cxd5 Nxd5 16. c4 Ndf4 17. Rfd1 Qg5 18. g4 Nxh3+ 19. Kh1 Qh4 20. f3 Nf2+ 21. Bxf2 Qxf2 22. Rf1 Qd4 23. Rfd1 Rfd8 24. Qe1 Nf4 25. Bf1 f6 26. Rab1 b6 27. Qe4 Qc5 28. a4 Rab8 29. Rbc1 Rd4 30. Qe1 Rbd8 31. Rb1 Nxd3 32. Bxd3 Rxd3 33. Rxd3 Rxd3 34. Qe4 Rd8 35. Rc1 Qa3 36. Qc2 Qe3 37. Rg1 Rd2 38. Qg6 Bf7 39. Qf5 Qf2 40. Nf1 0-1

[Event "Vienna Silvester op-B"]
[Site "Vienna"]
[Date "2022.01.01"]
[Round "6"]
[White "Kutschker, Alexander"]
[Black "Krylov, Philippe"]
[Result "0-1"]
[WhiteElo "1645"]
[BlackElo "1500"]
[PlyCount "136"]
[EventDate "2021.12.27"]
[EventType "swiss"]
[EventRounds "7"]
[EventCountry "AUT"]
[SourceTitle "EXT 2023"]
[Source "ChessBase"]
[SourceDate "2022.10.05"]
[SourceVersion "1"]
[SourceVersionDate "2022.10.05"]
[SourceQuality "1"]

1. c4 Nf6 2. Nc3 g6 3. e4 d6 4. d4 Bg7 5. f4 c5 6. d5 0-0 7. Bd3 e6 8. Nf3 exd5 9. cxd5 Na6 10. 0-0 Nc7 11. Re1 a6 12. a4 Bd7 13. h3 b5 14. axb5 axb5 15. Rxa8 Qxa8 16. Bb1 b4 17. Ne2 Bb5 18. Bd2 Nd7 19. Ng3 Bxb2 20. f5 Nb6 21. Bf4 Rd8 22. fxg6 hxg6 23. h4 c4 24. h5 b3 25. hxg6 fxg6 26. Ng5 Qc8 27. Qf3 Rf8 28. Qe3 Nbxd5 29. exd5 Nxd5 30. Qa7 Qc5+ 31. Qxc5 dxc5 32. Bd6 Bd4+ 33. Kh1 Rd8 34. N3e4 c3 35. Bxc5 Bxc5 36. Nxc5 c2 37. Nxb3 cxb1Q 38. Rxb1 Nc3 39. Re1 Ne2 40. Kh2 Rd5 41. Rxe2 Bxe2 42. Ne4 Kg7 43. Nbc5 Bg4 44. Kg3 Bc8 45. Kf2 Kh6 46. Kf3 g5 47. g3 Kg6 48. Ke3 Kf5 49. g4+ Kg6 50. Kf3 Re5 51. Nd3 Bxg4+ 52. Kxg4 Rxe4+ 53. Kf3 Ra4 54. Kg2 Kh5 55. Ne5 Kh4 56. Nf3+ Kg4 57. Ne5+ Kf5 58. Nd3 Ra2+ 59. Kg1 Ke4 60. Nf2+ Rxf2 61. Kxf2 Kf4 62. Kg2 Kg4 63. Kh2 Kf3 64. Kg1 Kg3 65. Kh1 g4 66. Kg1 Kh3 67. Kh1 g3 68. Kg1 g2 0-1

[Event "Vienna Silvester op-B"]
[Site "Vienna"]
[Date "2021.12.31"]
[Round "5"]
[White "Alvarico, Jan Andrew"]
[Black "Kutschker, Alexander"]
[Result "0-1"]
[WhiteElo "1624"]
[BlackElo "1645"]
[PlyCount "132"]
[EventDate "2021.12.27"]
[EventType "swiss"]
[EventRounds "7"]
[EventCountry "AUT"]
[SourceTitle "EXT 2023"]
[Source "ChessBase"]
[SourceDate "2022.10.05"]
[SourceVersion "1"]
[SourceVersionDate "2022.10.05"]
[SourceQuality "1"]

1. d4 c5 2. e3 cxd4 3. exd4 d5 4. Nf3 Bf5 5. c4 e6 6. Nc3 Bb4 7. Be2 Ne7 8. 0-0 Bxc3 9. bxc3 0-0 10. Nh4 Bg6 11. Ba3 Re8 12. Re1 Nf5 13. Nxg6 hxg6 14. Qb3 Qd7 15. cxd5 exd5 16. Bf3 Nc6 17. Qxd5 Qc7 18. g3 Rad8 19. Rxe8+ Rxe8 20. Qc5 Qd7 21. Rb1 Rc8 22. Qb5 Rc7 23. Kg2 Nd6 24. Bxd6 Qxd6 25. Bxc6 bxc6 26. Qe5 Qd8 27. a4 Re7 28. Qc5 Qd7 29. Rb8+ Kh7 30. Rb2 Qe6 31. h4 f5 32. f3 Kh6 33. c4 Qf6 34. Rf2 Rd7 35. d5 cxd5 36. cxd5 Qe5 37. Rd2 Rc7 38. Qf8 Kh7 39. d6 Rc1 40. Qe7 Qc5 41. Rf2 Rd1 42. Qc7 Qd4 43. d7 Qxd7 44. Qxd7 Rxd7 45. a5 a6 46. Ra2 Rd5 47. Ra4 Rd2+ 48. Kf1 Kh6 49. Ke1 Rg2 50. g4 fxg4 51. Rxg4 Ra2 52. Rg5 Ra4 53. Kf2 Rxh4 54. Rd5 Ra4 55. Kg3 Ra1 56. f4 Kh7 57. Kf3 Kg8 58. Ke4 Re1+ 59. Kd4 Re6 60. Kc5 Rf6 61. Rd6 Rxf4 62. Kb6 g5 63. Kxa6 g4 64. Rg6 Rf6+ 65. Rxf6 gxf6 66. Kb6 g3 0-1

[Event "Vienna Silvester op-B"]
[Site "Vienna"]
[Date "2021.12.30"]
[Round "4"]
[White "Sudarma, Allan"]
[Black "Kutschker, Alexander"]
[Result "1-0"]
[WhiteElo "1200"]
[BlackElo "1645"]
[PlyCount "67"]
[EventDate "2021.12.27"]
[EventType "swiss"]
[EventRounds "7"]
[EventCountry "AUT"]
[SourceTitle "EXT 2023"]
[Source "ChessBase"]
[SourceDate "2022.10.05"]
[SourceVersion "1"]
[SourceVersionDate "2022.10.05"]
[SourceQuality "1"]

1. e4 e5 2. Nf3 Nc6 3. Bc4 Nf6 4. d3 h6 5. a3 Bc5 6. h3 d6 7. 0-0 0-0 8. Be3 Bb6 9. Nc3 Qe7 10. Nh4 Nxe4 11. Ng6 Qf6 12. Nxf8 Nxc3 13. bxc3 Kxf8 14. Bxb6 axb6 15. f4 exf4 16. Qh5 Ra5 17. Qe2 Re5 18. Qd2 Rf5 19. d4 Qg5 20. Rf3 Qh4 21. Raf1 g5 22. d5 Ne5 23. Qd4 Nxf3+ 24. Rxf3 Re5 25. Rf1 Qg3 26. Rf3 Re1+ 27. Bf1 Rxf1+ 28. Kxf1 Qh4 29. Qh8+ Ke7 30. Qxc8 Qh5 31. Qxc7+ Kf8 32. Qxd6+ Kg8 33. Qe5 Qg6 34. Rd3 1-0

[Event "Vienna Silvester op-B"]
[Site "Vienna"]
[Date "2021.12.29"]
[Round "3"]
[White "Kutschker, Alexander"]
[Black "Hoedl, Florian"]
[Result "1-0"]
[WhiteElo "1645"]
[BlackElo "1238"]
[PlyCount "55"]
[EventDate "2021.12.27"]
[EventType "swiss"]
[EventRounds "7"]
[EventCountry "AUT"]
[SourceTitle "EXT 2023"]
[Source "ChessBase"]
[SourceDate "2022.10.05"]
[SourceVersion "1"]
[SourceVersionDate "2022.10.05"]
[SourceQuality "1"]

1. c4 Nf6 2. Nc3 e6 3. e4 d5 4. e5 Nfd7 5. d4 dxc4 6. Bxc4 Nb6 7. Bb3 c5 8. dxc5 Qxd1+ 9. Bxd1 Bxc5 10. Nf3 0-0 11. 0-0 Nc6 12. a4 a6 13. b3 Nd7 14. Bf4 Bb4 15. Ne4 b6 16. Nd6 Bxd6 17. exd6 Bb7 18. Re1 Nb4 19. Bg3 Nc5 20. Re3 Ne4 21. Bh4 f6 22. Nd4 Bd5 23. Nxe6 Rf7 24. Nc7 Rd8 25. Nxd5 Nxd5 26. Rxe4 Rxd6 27. Rd4 Re7 28. Bf3 1-0

[Event "Rail 6 countries 24th"]
[Site "Bad Salzuflen"]
[Date "2013.06.30"]
[Round "5.4"]
[White "Kutschker, Alexander"]
[Black "Gervasoni, Michele"]
[Result "0-1"]
[WhiteElo "1785"]
[BlackElo "1950"]
[PlyCount "100"]
[EventDate "2013.06.28"]
[EventType "team-tourn"]
[EventRounds "5"]
[EventCountry "GER"]
[SourceTitle "EXT 2014"]
[Source "ChessBase"]
[SourceDate "2013.11.20"]
[SourceVersion "1"]
[SourceVersionDate "2013.11.20"]
[SourceQuality "1"]
[WhiteTeam "Austria"]
[BlackTeam "Switzerland"]
[WhiteTeamCountry "AUT"]
[BlackTeamCountry "SUI"]

1. c4 e6 2. e4 c5 3. Nf3 Nc6 4. d4 cxd4 5. Nxd4 Nf6 6. Nc3 a6 7. Bg5 Be7 8. Nxc6 dxc6 9. Qf3 Qa5 10. Bd2 Qc7 11. Bd3 0-0 12. Bf4 e5 13. Bd2 Rd8 14. 0-0-0 Bg4 15. Qg3 Bxd1 16. Rxd1 Qd6 17. Be2 Qe6 18. h4 Rd4 19. f3 Rad8 20. Qf2 Bc5 21. Qg3 b5 22. b3 Nh5 23. Qg5 Nf6 24. Qg3 Rxd2 25. Rxd2 Be3 26. Nb1 Qd6 27. Qe1 Nh5 28. Kc2 Bxd2 29. Nxd2 Nf4 30. Bf1 Nd3 31. Qe3 Nb4+ 32. Kc1 Nxa2+ 33. Kc2 Qd4 34. Qxd4 Rxd4 35. Be2 Kf8 36. Nf1 b4 37. Ne3 Nc3 38. Bd3 a5 39. Nf5 Rd7 40. c5 g6 41. Nd6 a4 42. bxa4 Nxa4 43. Nc4 Nxc5 44. Nxe5 Rxd3 45. Nxd3 Nxd3 46. Kxd3 Ke7 47. Kd4 Kd6 48. e5+ Ke6 49. g4 c5+ 50. Ke4 b3 0-1

[Event "Rail 6 countries 24th"]
[Site "Bad Salzuflen"]
[Date "2013.06.28"]
[Round "2.4"]
[White "Hannecart, Marc"]
[Black "Kutschker, Alexander"]
[Result "1/2-1/2"]
[WhiteElo "1975"]
[BlackElo "1785"]
[PlyCount "37"]
[EventDate "2013.06.28"]
[EventType "team-tourn"]
[EventRounds "5"]
[EventCountry "GER"]
[SourceTitle "EXT 2014"]
[Source "ChessBase"]
[SourceDate "2013.11.20"]
[SourceVersion "1"]
[SourceVersionDate "2013.11.20"]
[SourceQuality "1"]
[WhiteTeam "Belgium"]
[BlackTeam "Austria"]
[WhiteTeamCountry "BEL"]
[BlackTeamCountry "AUT"]

1. d4 c5 2. d5 e5 3. dxe6 fxe6 4. e4 d5 5. Nf3 Qa5+ 6. Bd2 Qb6 7. Ne5 Nf6 8. Be2 Nxe4 9. Bb5+ Qxb5 10. Qh5+ g6 11. Nxg6 hxg6 12. Qxh8 Qd7 13. Bh6 Qf7 14. f3 Nd6 15. Nc3 Nf5 16. Nb5 Nxh6 17. Nd6+ Ke7 18. Nxf7 Kxf7 19. 0-0-0 1/2-1/2

[Event "Budapest Spring op 29th"]
[Site "Budapest"]
[Date "2013.03.23"]
[Round "6"]
[White "Kutschker, Alexander"]
[Black "Czipp, Janos"]
[Result "1-0"]
[WhiteElo "1778"]
[BlackElo "1426"]
[PlyCount "43"]
[EventDate "2013.03.18"]
[EventType "swiss"]
[EventRounds "9"]
[EventCountry "HUN"]
[SourceTitle "CBM 153 Extra"]
[Source "ChessBase"]
[SourceDate "2013.04.22"]
[SourceVersion "1"]
[SourceVersionDate "2013.04.22"]
[SourceQuality "1"]

1. c4 Nf6 2. Nc3 e6 3. e4 g6 4. e5 Nh5 5. g4 Ng7 6. d4 Bb4 7. Nf3 h6 8. Be3 d5 9. Qd2 g5 10. h4 f6 11. hxg5 f5 12. Rxh6 Rxh6 13. gxh6 Nh5 14. gxh5 Qd7 15. Ng5 Kf8 16. h7 Qg7 17. Be2 Ke8 18. 0-0-0 Qh8 19. h6 Be7 20. Bh5+ Kd7 21. Bg6 Bxg5 22. Bxg5 1-0

[Event "Budapest Spring op 29th"]
[Site "Budapest"]
[Date "2013.03.22"]
[Round "5"]
[White "Kutschker, Alexander"]
[Black "Marcu, Simon"]
[Result "0-1"]
[WhiteElo "1778"]
[BlackElo "1910"]
[PlyCount "128"]
[EventDate "2013.03.18"]
[EventType "swiss"]
[EventRounds "9"]
[EventCountry "HUN"]
[SourceTitle "CBM 153 Extra"]
[Source "ChessBase"]
[SourceDate "2013.04.22"]
[SourceVersion "1"]
[SourceVersionDate "2013.04.22"]
[SourceQuality "1"]

1. c4 f5 2. Nc3 e6 3. e4 fxe4 4. Nxe4 Nf6 5. d3 Be7 6. Nxf6+ Bxf6 7. Qh5+ g6 8. Qh6 Qe7 9. a3 Bg7 10. Qf4 e5 11. Qf3 Nc6 12. Ne2 d6 13. h4 h6 14. h5 Rf8 15. Qg3 g5 16. Be3 Be6 17. 0-0-0 e4 18. d4 Bxc4 19. Nc3 Bb3 20. Rd2 0-0-0 21. Qg4+ Be6 22. Qxe4 d5 23. Qc2 Kb8 24. Bb5 Na5 25. Qa4 b6 26. b4 Nc4 27. Bxc4 dxc4 28. Nb5 c6 29. Nc3 b5 30. Qc2 Bf5 31. Qb2 Bd3 32. Ne2 Qe4 33. Rg1 Qg4 34. Ng3 Bxd4 35. Bxd4 Rxd4 36. Re1 c3 37. Qxc3 Rc4 38. Rxd3 Rxf2 39. Re8+ Kc7 40. Re7+ Kb6 41. Re4 Rf4 42. Rxc4 Rxc4 43. Kc2 Qf4 44. Rf3 Qe5 45. Kb3 Rxc3+ 46. Rxc3 Qd5+ 47. Kb2 Qxg2+ 48. Kb1 a5 49. Kc1 axb4 50. axb4 Qf2 51. Rb3 Kc7 52. Kd1 Qa2 53. Re3 Qb1+ 54. Ke2 Qxb4 55. Re8 Qc4+ 56. Ke1 Qh4 57. Kf2 g4 58. Re3 b4 59. Ke2 c5 60. Kd3 Qd8+ 61. Kc2 c4 62. Nf5 Qd5 63. Ng7 Qg2+ 64. Kb1 Qg1+ 0-1

[Event "Lienz op 17th"]
[Site "Lienz"]
[Date "2013.02.15"]
[Round "8"]
[White "Kutschker, Alexander"]
[Black "Moik, Franz"]
[Result "0-1"]
[WhiteElo "1785"]
[BlackElo "2009"]
[PlyCount "174"]
[EventDate "2013.02.09"]
[EventType "swiss"]
[EventRounds "9"]
[EventCountry "AUT"]
[SourceTitle "CBM 152 Extra"]
[Source "ChessBase"]
[SourceDate "2013.02.25"]
[SourceVersion "1"]
[SourceVersionDate "2013.02.25"]
[SourceQuality "1"]

1. c4 g6 2. e4 Bg7 3. d4 d6 4. f4 Nf6 5. Nc3 0-0 6. Nf3 c6 7. Bd3 Bg4 8. Be3 Nbd7 9. 0-0 Bxf3 10. Qxf3 Ne8 11. e5 dxe5 12. fxe5 Nxe5 13. Qe2 Nxd3 14. Qxd3 Nd6 15. Rad1 e6 16. Rf3 Nf5 17. Bf2 Qa5 18. g4 Nd6 19. Be3 Rad8 20. Qe2 Rd7 21. h4 Qa6 22. b3 b6 23. Bf2 Rfd8 24. Rfd3 Qb7 25. Bg3 Ne8 26. Qe3 Nf6 27. g5 Nh5 28. Bh2 Qa6 29. a4 Qa5 30. Ne2 Qf5 31. Kh1 Qg4 32. Qf2 c5 33. d5 exd5 34. cxd5 Qe4+ 35. Kg1 Rxd5 36. Rxd5 Rxd5 37. Rf1 Rf5 38. Qg2 Rxf1+ 39. Kxf1 Qb1+ 40. Kf2 Qf5+ 41. Ke1 Qb1+ 42. Kf2 Qf5+ 43. Ke1 Qd7 44. Qa8+ Bf8 45. Qe4 Qe6 46. Qf3 Ng7 47. Kd2 Qd7+ 48. Kc1 Ne6 49. Be5 Bg7 50. Qa8+ Qd8 51. Qe4 Bxe5 52. Qxe5 Nd4 53. Nc3 Nc6 54. Qe2 Qe7 55. Ne4 Qe5 56. Nf6+ Kh8 57. Qc4 Qa1+ 58. Kd2 Qd4+ 59. Qd3 Qxd3+ 60. Kxd3 Ne7 61. h5 gxh5 62. Nxh5 Nf5 63. Ke4 Ng7 64. Nf6 Ne6 65. Kf5 Nd4+ 66. Ke4 Nxb3 67. Nd5 Kg7 68. Kf4 Nd4 69. Nc3 Kg6 70. Nd5 Ne6+ 71. Kg4 c4 72. Ne7+ Kg7 73. Nd5 Nc5 74. Nc3 Kg6 75. Kf4 Ne6+ 76. Kg4 Nxg5 77. Nb5 Ne4 78. Kf4 Nc5 79. Nc3 h5 80. Kg3 f5 81. Kf4 Ne4 82. Nd5 c3 83. Nb4 Nc5 84. a5 bxa5 85. Nc2 Nd3+ 86. Ke3 Nb4 87. Na3 h4 0-1

[Event "Lienz op 17th"]
[Site "Lienz"]
[Date "2013.02.09"]
[Round "1"]
[White "Mammadov, Farid Yediyar"]
[Black "Kutschker, Alexander"]
[Result "1-0"]
[WhiteElo "2119"]
[BlackElo "1785"]
[PlyCount "71"]
[EventDate "2013.02.09"]
[EventType "swiss"]
[EventRounds "9"]
[EventCountry "AUT"]
[SourceTitle "CBM 152 Extra"]
[Source "ChessBase"]
[SourceDate "2013.02.25"]
[SourceVersion "1"]
[SourceVersionDate "2013.02.25"]
[SourceQuality "1"]

1. e4 e5 2. d4 exd4 3. Qxd4 Nc6 4. Qe3 b6 5. Nc3 Bc5 6. Qg3 g6 7. Bf4 d6 8. 0-0-0 Nd4 9. Be5 dxe5 10. Qxe5+ Kf8 11. Qxh8 Qg5+ 12. Kb1 h5 13. Rxd4 Be6 14. Nf3 Bxd4 15. Qxd4 Rd8 16. Nxg5 Rxd4 17. Nxe6+ fxe6 18. Bd3 c6 19. e5 Ne7 20. Re1 Kf7 21. Re4 Rd7 22. Rf4+ Kg7 23. Rf6 b5 24. Rxe6 a6 25. Rd6 Rc7 26. Ne4 Nf5 27. Nc5 Re7 28. Rd7 Rxd7 29. Nxd7 Ne7 30. Nc5 a5 31. Be4 Kf7 32. c3 Ke8 33. Kc2 Kd8 34. f4 Kc7 35. h4 Kb6 36. Ne6 1-0